000 00783cab a2200205 4500
001 ##L134574
008 060817n2006 000 0 eng u
035 _a(Sirsi) u134574
041 0 _aeng
100 1 _aHipwell, Deirdre
245 0 0 _aProperty tax and insurance
_bspecial report
260 _c2006
490 0 _aProperty Week
_v71(32/33) 11 August 2006, 69-73(5)
520 _aReports that property investors are failing to take advantage of the UK government's green development tax breaks, and looks at plans to force brokers and property managers to reveal how much commission they receive for arranging insurance.
590 _aIKA220806
651 4 _aUnited Kingdom
_y
690 _aPROPERTY-PROPERTY APPRAISAL AND VALUATION
700 1 _aBenzine, Adam
942 _n0
999 _c77569
_d77569